| 000 | 01180nam a2200241 i 4500 | ||
|---|---|---|---|
| 001 | 187626 | ||
| 003 | ES-MaACL | ||
| 005 | 20240607104416.0 | ||
| 008 | 171211m20162017mx |||| | spa d | ||
| 020 | _a978-84-617-4194-6 | ||
| 080 | _a821.134.2-14"15"(082.2) | ||
| 245 | 0 | 0 |
_aPrimera parte de la silua de varios romances _b: en que estan recopilados la mayor parte de los romances castellanos que hasta ahora se han compuesto : hay algunas canciones y coplas graciosas y sentidas [Segunda parte...] / _cestudio de Vicenç Beltran ; [coordina la edición, José J. Labrador Herraiz]. |
| 260 |
_aMéxico D.F. : _bFrente de Afirmación Hispanista A.C., _c2016-2017. |
||
| 300 |
_a2 v,. : _bil. ; _c21 cm. |
||
| 534 |
_pReproducción de la edición de: _cZaragoza : Esteban G. de Nagera, 1550. |
||
| 650 | 0 | 4 |
_aRomances- _zEspaña. _916935 |
| 700 | 1 |
_aBeltrán, Vicenç, _d1948- _927350 |
|
| 700 | 1 |
_aLabrador Herraiz, José J. _969288 |
|
| 852 |
_aES-MaACL _jA-14070 _pv.1 _9194712 _bR.151438 _cDEPO1 _dOlim: N-7070 |
||
| 852 |
_aES-MaACL _jA-14071 _pv.2 _9200908 _bR.151745 _cDEPO1 _dOlim: N-7071 |
||
| 942 |
_2udc _cMONOGRAFIA |
||
| 999 |
_c187626 _d187626 |
||